TB. OF CLINICAL NEUROANATOMY (Record no. 25280)

MARC details
000 -LEADER
fixed length control field 00383nam a22001697a 4500
003 - CONTROL NUMBER IDENTIFIER
control field SGT
020 ## - INTERNATIONAL STANDARD BOOK NUMBER
International Standard Book Number 9788131261354
082 ## - DEWEY DECIMAL CLASSIFICATION NUMBER
Classification number 611
Item number T22S
100 ## - MAIN ENTRY--PERSONAL NAME
Personal name SINGH, VISHRAM
245 ## - TITLE STATEMENT
Title TB. OF CLINICAL NEUROANATOMY
250 ## - EDITION STATEMENT
Edition statement 4TH
260 ## - PUBLICATION, DISTRIBUTION, ETC. (IMPRINT)
Place of publication, distribution, etc INDIA
Name of publisher, distributor, etc ELSEVIER PUB
Year of Publication 2022
300 ## - PAGE DESCRIPTION
No. of Pages 274
650 ## - SUBJECT ADDED ENTRY--TOPICAL TERM
Topical term or geographic name as entry element HUMAN ANATOMY
653 ## - KEYWORDS--INDEX TERM
Keyword term CLINICAL NEUROANATOMY
942 ## - ADDED ENTRY ELEMENTS (KOHA)
Source of classification or shelving scheme Dewey Decimal Classification
Koha item type Books
942 ## - ADDED ENTRY ELEMENTS (KOHA)
-- 56
Holdings
Withdrawn status Lost status Source of classification or shelving scheme Damaged status Not for loan Collection code Home library Current library Shelving location Date acquired Vendor Name Cost, normal purchase price SGTU Bill Number Full call number Accession No. (Barcode) Date last seen Bill Date Koha item type Total Checkouts Date last borrowed Total Renewals
    Dewey Decimal Classification   Not For Loan MEDICAL SGT Medical Library SGT Medical Library Text Book 25/11/2023 ABC DELHI 815.00 SGTU 17259 611 T22S FM13993 25/11/2023 18/08/2023 Books      
    Dewey Decimal Classification     MEDICAL SGT Medical Library SGT Medical Library Text Book 25/11/2023 ABC DELHI 815.00 SGTU 17259 611 T22S FM13994 14/08/2025 18/08/2023 Books 30 12/08/2025  
    Dewey Decimal Classification     MEDICAL SGT Medical Library SGT Medical Library Text Book 25/11/2023 ABC DELHI 815.00 SGTU 17259 611 T22S FM13995 28/04/2025 18/08/2023 Books 5 24/04/2025 1
    Dewey Decimal Classification     MEDICAL SGT Medical Library SGT Medical Library Text Book 25/11/2023 ABC DELHI 815.00 SGTU 17259 611 T22S FM13996 17/03/2025 18/08/2023 Books 13 28/02/2025  
    Dewey Decimal Classification     MEDICAL SGT Medical Library SGT Medical Library Text Book 25/11/2023 ABC DELHI 815.00 SGTU 17259 611 T22S FM13997 29/04/2025 18/08/2023 Books 19 19/04/2025